000 00411nam a2200157Ia 4500
008 230711s9999||||xx |||||||||||||| ||und||
041 _aENG
082 _a621.382
_bTR-D
100 _aTrees,Harry L,van
245 0 _aDetection estimation and modulation theory part-II
250 _a1st
260 _c2003
_aNew Yorfk
_bJohn Wiley & Sons.Inc
300 _a349
650 _aElectronics Engineering
942 _cBK
999 _c4993
_d4993